000 00742nam a2200229Ia 4500
003 OSt
005 20220923213946.0
006 a|||||r|||| 00| 0
007 ta
008 220922b |||||||| |||| 00| 0 hin d
024 _a165,926
037 _cTextual
040 _aARTS
_cARTS
_bhin
041 _2hin
_ahin
082 _aO152:1N01:9, K0
100 _aउप्रैति, कुन्दनलाल
245 0 _aसुमित्रानंदन पंत और उनका आधुनिक कवि
246 _aSumitrānandan panta aur unakā ādhunik kavi
260 _c1960
942 _hO152:1N01:9, K0
_cTEXL
_2CC
999 _c320405
_d320405